[Event "Asian Nation Cup Open 2018"]
[Site "Hamedan"]
[Date "2018.07.29"]
[Round "2"]
[White "Wen, Yang"]
[Black "Tran, Tuan Minh"]
[Result "1-0"]
[WhiteElo "2599"]
[BlackElo "2520"]
[Annotator "TA"]
[PlyCount "109"]
[EventDate "2018.07.27"]
[EventType "swiss"]
[EventCountry "IRI"]
[SourceTitle "playchess.com"]
[Source "ChessBase"]
[SourceQuality "1"]
[WhiteTeam "China"]
[BlackTeam "Vietnam"]
[WhiteTeamCountry "CHN"]
[BlackTeamCountry "VIE"]

{[%evp 19,109,19,33,39,66,20,75,45,65,62,71,65,82,58,96,75,102,92,99,95,98,95,91,91,100,96,91,91,95,91,101,90,114,109,126,115,124,122,108,118,114,111,120,120,190,168,279,268,281,208,297,195,378,279,387,383,387,384,375,356,357,328,336,317,321,283,475,467,428,414,501,503,429,134,128,137,202,197,191,109,185,170,460,173,1027,981,1752,1584,29984,29985,29985,29986]} 1. e4 c5 2. Nf3 d6 3. d4 cxd4 4. Nxd4 Nf6 5. Nc3 a6 6. g3 e5 7. Nde2 Be7 8. Bg2 O-O 9. O-O Be6 10. a4 Nc6 {LiveBook: 5 Partien} 11. Nd5 {B91: Sizilianisch (Najdorf-Variante mit 6.g3)} (11. h3 Nb4 12. f4 Rc8 13. Be3 d5 14. fxe5 Nxe4 15. Kh2 Nxc3 16. bxc3 Nc6 17. Bd4 Nxd4 18. cxd4 Bg5 {0-1 (41) Al Qudaimi,B (2405)-Al Sayed,M (2501) Dubai 2015}) 11... Rc8 12. c4 $146 ({Vorgänger:} 12. Be3 Bxd5 13. exd5 Nb8 14. Nc3 Nbd7 15. h3 Ne8 16. Qd2 Qa5 17. Rfc1 h6 18. g4 Qd8 {1-0 (39) Soumya,S (2349)-Paramzina,A (2231) Moscow 2018}) 12... a5 (12... Nb8 $11) 13. Be3 {Weiß steht besser.} Nd7 14. h4 Nc5 15. Nec3 Re8 16. Nb5 Bf8 17. b3 Kh8 18. Ra2 Bxd5 19. cxd5 {Und Lxc5 würde nun gewinnen.} (19. Qxd5 Nb4 $17) 19... Nb4 20. Ra1 b6 21. Rb1 Rb8 22. Bd2 Nba6 23. Qe2 Rb7 24. Kh2 Nb8 25. Be3 Nbd7 26. f3 Nf6 27. Bh3 g6 28. b4 axb4 29. Rxb4 Qe7 30. Rc1 {Sxd6! ist eine echte Drohung.} Reb8 31. Rcb1 Bg7 (31... Na6 $16) 32. Na3 $18 Qc7 (32... Nh5 $142 33. Nc4 Nxa4) 33. Qb5 Bf8 34. Nc4 {Droht Dc6 und aus.} Qe7 (34... Qd8 $142 35. Bxc5 dxc5) 35. R4b2 Nfd7 $2 (35... Ne8 36. Bxc5 dxc5) 36. Qc6 Nd3 37. Rd2 N3c5 38. Bxd7 Nxd7 39. a5 f5 {und die Idee ...f4 ließe Schwarz weiter hoffen.} 40. Bg5 (40. Nxb6 Nxb6 41. Rxb6 f4 $18) (40. axb6 f4 $18) 40... Qf7 41. Nxd6 (41. axb6 $6 fxe4 42. fxe4 Qf3 $18) 41... Bxd6 42. Qxd6 bxa5 $2 (42... fxe4 43. a6 (43. fxe4 bxa5 44. Rxb7 Rxb7 $18) 43... Ra7) 43. Rxb7 Rxb7 44. Qe6 Kg8 45. Rc2 {jetzt Tc8+ und aus.} Rb8 46. Qd6 $2 (46. exf5 $18 {ist der präzise Gewinnweg.} gxf5 47. Qd6) 46... fxe4 $16 47. fxe4 Rb6 {[#]} (47... Rf8 $16 {ist wohl besser.}) 48. Qc7 $1 $18 Rb1 {[#]} 49. Qd8+ ({Nur nicht} 49. Qxa5 $2 Qf1 $19) (49. Bc1 $1 $18) 49... Kg7 (49... Nf8 $16 {war nötig.} 50. Qf6 Qxf6 51. Bxf6 Nd7) 50. Be3 Rf1 $2 (50... Rb8 51. Qxa5 Rb1) 51. Qg5 $2 $40 {[%mdl 128] Weiss hat starken Angriff.} ({Schlechter ist} 51. Rc7 Rh1+ 52. Kxh1 Qf1+ 53. Bg1 (53. Kh2 Qe2+ 54. Kg1 Qxe3+ 55. Kg2 Qe2+ 56. Kg1 Qd1+ 57. Kf2 Qd2+ 58. Kg1 Qd1+ 59. Kf2 Qd2+ 60. Kf1 Qd3+ 61. Kg2 Qe2+ 62. Kg1 Qe1+ 63. Kg2 Qe2+ $11) 53... Qh3+ 54. Bh2 Qf1+ 55. Bg1 Qh3+ 56. Bh2 Qf1+ 57. Bg1 $11) (51. h5 {[%csl Ge3][%cal Rh5h6]} h6 52. hxg6 Kxg6 53. Qh4) 51... a4 $2 (51... Qf3 52. Qe7+ Qf7) 52. Rc8 {Weiss will mit Dh6+ Matt setzen.} Nf8 53. Qxe5+ Kg8 54. Bd4 {[%csl Gd4][%cal Re5h8]} Rf2+ 55. Kh3 {Precision: Weiß = 68%, Schwarz = 36%.} 1-0

[Event "Asian Nation Cup Open 2018"]
[Site "Hamedan"]
[Date "2018.07.29"]
[Round "2"]
[White "Tabatabaei, M amin"]
[Black "Kazhgaleyev, Murtas"]
[Result "0-1"]
[WhiteElo "2590"]
[BlackElo "2575"]
[Annotator "TA"]
[PlyCount "90"]
[EventDate "2018.07.27"]
[EventType "swiss"]
[EventCountry "IRI"]
[SourceTitle "playchess.com"]
[Source "ChessBase"]
[SourceQuality "1"]
[WhiteTeam "Iran"]
[BlackTeam "Kazakhstan"]
[WhiteTeamCountry "IRI"]
[BlackTeamCountry "KAZ"]

{[%evp 38,90,0,0,0,0,13,0,0,0,13,7,75,61,54,58,67,36,26,52,18,-77,-91,-92,-91,-104,-53,-296,-275,-305,-290,-295,-303,-284,-284,-306,-306,-293,-264,-309,-309,-302,-295,-294,-294,-791,-791,-758,-726,-728,-619,-693,-650,-739,-733]} 1. e4 {Bologan,V} e5 2. Nf3 Nc6 3. Bb5 a6 4. Ba4 Nf6 5. O-O Be7 6. Re1 b5 7. Bb3 O-O 8. d4 d6 9. c3 Bg4 10. Be3 exd4 11. cxd4 Na5 12. Bc2 Nc4 13. Bc1 c5 14. b3 Nb6 15. Nbd2 Nfd7 16. h3 {C91: Spanische Partie (Abweichungen von der Hauptvariante)} Bh5 17. g4 Bg6 18. d5 Bf6 19. Rb1 Re8 20. Nf1 {LiveBook: 14 Partien} h6 21. Ng3 c4 22. Kg2 cxb3 23. axb3 Rc8 24. Re2 Rxc2 (24... a5 $11) 25. Qxc2 $16 ({Doch nicht} 25. Rxc2 Rxe4 26. Nxe4 Bxe4 $11) 25... Nxd5 $1 {[#] ...Sc3 ist eine echte Drohung.} 26. Bd2 $146 Qa8 27. Nf5 Bxf5 28. gxf5 b4 {[%cal Bb5b4,Bb4c3][%mdl 32]} 29. Ng1 (29. Rd1 $11) 29... Nc3 $17 30. Bxc3 bxc3 31. f3 Nb8 ({Lieber} 31... d5 $17 {Und weiter mit ...d4 wäre nett.} 32. exd5 Rd8) 32. Rd1 $2 ({Günstiger ist} 32. Rc1 $15) 32... Nc6 $19 {[%cal Bb8c6,Bc6b4,Bb4c2][%mdl 32]} 33. Rxd6 Be5 34. Rd1 Nb4 35. Qc1 Qc6 36. Rc2 Nxc2 37. Qxc2 Qf6 38. Ne2 {[#]} Qg5+ $1 39. Kf2 Qh4+ 40. Kg2 {[#]} Rd8 $1 41. Qc1 $2 (41. f4 Rxd1 42. Qxd1) 41... Rxd1 {Schwarz steht klar auf Gewinn.} 42. Qxd1 Qg5+ 43. Kf1 Qd2 44. Qe1 Qd3 45. f4 Bd4 {Precision: Weiß = 33%, Schwarz = 69%.} 0-1

[Event "Asian Nation Cup Open 2018"]
[Site "Hamedan"]
[Date "2018.07.29"]
[Round "2"]
[White "Xu, Xiangyu"]
[Black "Nguyen, Duc Hoa"]
[Result "0-1"]
[WhiteElo "2585"]
[BlackElo "2441"]
[Annotator "TA"]
[PlyCount "120"]
[EventDate "2018.07.27"]
[EventType "swiss"]
[EventCountry "IRI"]
[SourceTitle "playchess.com"]
[Source "ChessBase"]
[SourceQuality "1"]
[WhiteTeam "China"]
[BlackTeam "Vietnam"]
[WhiteTeamCountry "CHN"]
[BlackTeamCountry "VIE"]

{[%evp 15,120,13,15,-1,-2,-4,0,0,2,10,6,6,16,1,16,-6,0,-8,-8,-10,18,-29,0,-43,-43,-43,-41,-49,-38,-115,-93,-106,0,-115,-112,-142,-150,-180,-149,-172,-160,-170,-111,-152,-112,-124,-118,-132,-122,-139,-124,-123,-120,-135,-123,-120,-115,-116,-33,-155,-153,-190,-142,-193,-166,-187,-183,-231,-212,-250,-256,-252,-254,-238,-241,-268,-268,-268,-268,-264,-265,-270,-266,-286,-271,-522,-487,-533,-511,-634,-634,-601,-575,-1140,-1084,-1131,-1119,-1071,-1068,-1042,-999,-844,-725,-1130,-918,-3372,-3104]} 1. Nf3 d5 2. d4 Nf6 3. c4 e6 4. Nc3 c6 5. Bg5 h6 6. Bxf6 Qxf6 7. g3 Qd8 {D43: Semi-Slav: 5 Bg5 h6} (7... Nd7 8. Bg2 dxc4 9. O-O Be7 10. e3 O-O 11. Nd2 Nb6 12. a4 a5 13. f4 Bb4 14. Qe2 c5 15. dxc5 Bxc5 16. Nce4 Qe7 17. Nxc5 Qxc5 {½-½ (31) Van Wely,L (2695)-Giri,A (2773) Wijk aan Zee 2017}) 8. Bg2 Be7 {LiveBook: 6 Games} 9. Qb3 Nd7 {The position is equal.} 10. O-O Qb6 $146 ({Predecessor:} 10... O-O 11. e4 dxc4 12. Qxc4 Bf6 13. Rfd1 Qe8 14. Qe2 e5 15. d5 Nb6 16. Rac1 Bd7 {1-0 (35) Nagy,G (2439)-Volodin,V (2190) Pardubice 2016}) 11. c5 Qxb3 12. axb3 a6 13. e4 dxe4 14. Nxe4 Nf6 15. Ned2 O-O 16. Nc4 Rd8 17. Rfd1 Bd7 18. Kf1 Be8 19. Ke2 Nd5 {[%cal Bf6d5,Bd5c7,Bc7b5][%mdl 32]} 20. Nfe5 f6 21. Ng4 Nc7 {Hoping for ...Nb5.} 22. Ra4 (22. Rd2 $15) 22... Nb5 23. Na3 Nc7 24. Nc4 $1 Rab8 25. Bf3 Nb5 26. Na3 Rd7 27. Nxb5 axb5 (27... cxb5 28. Raa1 $15) 28. Ra7 {[#]} Rbd8 (28... e5 $1 $19 {[%cal Re5d4][%mdl 512]} 29. h4 (29. dxe5 Bxc5) 29... h5) 29. Ne3 Kf8 (29... Rxd4 30. Rxd4 Rxd4 31. Rxb7 $11) 30. b4 f5 {[%cal Bf6f5,Bf5f4,Bf4f3][%mdl 32]} 31. Ke1 Bf6 (31... Rxd4 32. Rxb7 Rxd1+ 33. Nxd1 $17) 32. Nc2 Bg6 ({Resist} 32... Bxd4 33. Nxd4 Rxd4 34. Rxd4 $15) 33. Be2 f4 34. Bd3 Bh5 35. Be2 f3 $36 {[%mdl 2048] White is under strong pressure.} 36. Bd3 e5 (36... Bf7 $17 37. Be4 e5) 37. Kf1 {[#]} (37. Bf5 $15 Re7 38. d5 cxd5 39. Ne3) 37... Bg4 $1 $17 38. Ra3 exd4 39. Kg1 (39. Ne1 $17) 39... h5 $19 40. Ne1 {[#]} g5 $1 41. Rb1 Re7 42. h3 Bxh3 43. Nxf3 Be6 44. Re1 Rde8 45. Bg6 Bf7 46. Rxe7 Rxe7 ({Don't do} 46... Kxe7 47. Bf5 $19) 47. Bxf7 Kxf7 {[%mdl 4096] Endgame KRB-KRN} ({Don't play} 47... Rxf7 48. Kf1 $17) 48. Kf1 Ke6 49. Nd2 g4 50. Ra8 $2 (50. Ne4) 50... d3 {Black is clearly winning.} 51. Ra3 Rd7 52. Rb3 Bg5 53. Ke1 Kf5 54. Nb1 Ke4 55. Nc3+ Kd4 56. Ra3 Re7+ 57. Kd1 Rf7 58. Ke1 d2+ 59. Kf1 Re7 60. Ra1 Kd3 {Precision: White = 45%, Black = 75%.} 0-1

[Event "Asian Nation Cup Open 2018"]
[Site "Hamedan"]
[Date "2018.07.29"]
[Round "2"]
[White "Ismagambetov, Anuar"]
[Black "Idani, Pouya"]
[Result "0-1"]
[WhiteElo "2529"]
[BlackElo "2583"]
[Annotator "TA"]
[PlyCount "74"]
[EventDate "2018.07.27"]
[EventType "swiss"]
[EventCountry "IRI"]
[SourceTitle "playchess.com"]
[Source "ChessBase"]
[SourceQuality "1"]
[WhiteTeam "Kazakhstan"]
[BlackTeam "Iran"]
[WhiteTeamCountry "KAZ"]
[BlackTeamCountry "IRI"]

{[%evp 25,74,34,33,8,0,12,1,14,3,12,13,-85,-95,-93,-103,-119,-100,-111,-109,-143,-154,-140,-95,-88,-88,-237,-241,-255,-277,-351,-357,-341,-345,-425,-411,-507,-517,-546,-539,-606,-610,-670,-620,-574,-519,-571,-591,-642,-558,-555,-547]} 1. e4 c5 2. Nf3 d6 3. Bb5+ Bd7 4. Bxd7+ Qxd7 5. c4 Nf6 6. Nc3 g6 7. d4 cxd4 8. Nxd4 Bg7 9. f3 O-O 10. Be3 Nc6 11. Rc1 {B52: Sicilian: Moscow Variation with 3...Bd7} Rac8 12. b3 Rfd8 13. O-O e6 {[#] LiveBook: 20 Games} 14. Nce2 $146 ({Predecessor:} 14. Re1 a6 15. Nxc6 Qxc6 16. a4 b6 17. Re2 Nd7 18. Rd2 Qc7 19. Kh1 Nc5 {½-½ (32) Adams,M (2728)-Van Wely,L (2679) Khanty-Mansiysk 2010}) 14... Qe7 15. Qd2 d5 16. exd5 exd5 17. c5 Nd7 18. b4 {[#]} (18. Nxc6 $11 Rxc6 19. Bg5) 18... Nxb4 $1 $17 {[%mdl 512]} 19. Bg5 (19. Qxb4 Qxe3+) 19... f6 20. Bf4 {And now Bd6 would win.} Nc6 21. Bd6 {[#]} Qf7 $1 22. Nb5 a6 23. Nbc3 Nb6 {[%cal Bd7b6,Bb6c4,Bc4e3][%mdl 32]} 24. Rfd1 {[%cal Rc3d5] [#]} d4 $1 $36 {[%mdl 2560] Black is really pushing.} 25. Ne4 (25. Nxd4 $17 Nc4 26. Qf4) 25... Nc4 $19 26. Qf4 Ne3 27. Rxd4 Nxd4 28. Nxd4 Nc4 29. Nb3 b5 30. Re1 Re8 {Black is clearly winning.} 31. Rd1 f5 32. Ng5 Qf6 33. h4 h6 34. Nh3 Rcd8 35. Qg3 Bf8 36. Nf4 Bxd6 37. cxd6 Rxd6 {Precision: White = 24%, Black = 93%.} 0-1

[Event "Asian Nation Cup Open 2018"]
[Site "Hamedan"]
[Date "2018.07.29"]
[Round "2"]
[White "Lorparizangeneh, Shahin"]
[Black "Sethuraman, S P"]
[Result "0-1"]
[WhiteElo "2493"]
[BlackElo "2657"]
[Annotator "TA"]
[PlyCount "56"]
[EventDate "2018.07.27"]
[EventType "swiss"]
[EventCountry "IRI"]
[SourceTitle "playchess.com"]
[Source "ChessBase"]
[SourceQuality "1"]
[WhiteTeam "Iran"]
[BlackTeam "India"]
[WhiteTeamCountry "IRI"]
[BlackTeamCountry "IND"]

{[%evp 21,56,0,11,0,5,-20,-22,-27,-25,-22,-35,-75,-68,-89,-103,-139,-133,-214,-209,-237,-239,-271,-257,-327,-302,-393,-394,-394,-392,-385,-378,-532,-522,-481,-489,-666,-668]} 1. e3 Nf6 2. Nf3 b6 3. d4 Bb7 4. c4 e6 5. Bd3 d5 6. O-O Bd6 7. b3 O-O {E14: Queen's Indian: Classical Variation (4 e3)} 8. cxd5 exd5 9. Ba3 c5 10. Nc3 Nbd7 11. Rc1 Re8 {LiveBook: 6 Games} 12. Bb5 $146 ({Predecessor:} 12. Bf5 Bf8 13. dxc5 Nxc5 14. Bb2 g6 15. Bh3 {0-1 (55) Dominguez Perez,L (2739)-So,W (2788) Saint Louis 2017}) 12... Rc8 13. Bb2 a6 14. Bxd7 Qxd7 15. Na4 Qd8 $1 16. Nd2 Re6 17. g3 Bf8 18. Qe2 {[#]} c4 $1 {[%mdl 512]} 19. Nf3 {[#]} (19. a3 $17) (19. bxc4 dxc4) 19... Bc6 $1 $19 20. Nc3 {[#]} b5 $1 {[%cal Bb6b5,Bb5b4][%mdl 32]} 21. Nb1 b4 22. bxc4 dxc4 23. Qxc4 Bb7 24. Qe2 Rxc1 25. Rxc1 Qd5 26. Nbd2 (26. a3 $142) 26... Ne4 {Black is clearly winning.} 27. Nxe4 Qxe4 28. Kg2 Bd5 {Precision: White = 12%, Black = 81%.} 0-1

[Event "Asian Nation Cup Open 2018"]
[Site "Hamedan"]
[Date "2018.07.29"]
[Round "2"]
[White "Sindarov, Javokhir"]
[Black "Mirzaad, S wahabuddin"]
[Result "1-0"]
[WhiteElo "2474"]
[BlackElo "2049"]
[Annotator "TA"]
[PlyCount "89"]
[EventDate "2018.07.27"]
[EventType "swiss"]
[EventCountry "IRI"]
[SourceTitle "playchess.com"]
[Source "ChessBase"]
[SourceQuality "1"]
[WhiteTeam "Uzbekistan"]
[BlackTeam "Afghanistan"]
[WhiteTeamCountry "UZB"]
[BlackTeamCountry "AFG"]

{[%evp 17,89,25,21,0,0,0,1,0,0,9,14,24,9,-14,0,0,0,0,3,-27,9,-8,-8,-17,0,-7,17,0,0,0,0,-21,0,-6,0,0,0,0,0,-16,0,-6,12,29,56,15,55,50,68,66,111,112,109,46,45,64,131,136,142,141,245,239,268,265,573,516,744,721,1706,650,640,598,29997,29998]} 1. e4 d5 2. exd5 Qxd5 3. Nc3 Qa5 4. d4 c6 5. Nf3 Nf6 6. Bc4 Bf5 7. O-O e6 8. Re1 Be7 9. Bd2 Qc7 10. Ne5 {B01: Scandinavian Defence} (10. h3 Nbd7 11. Bb3 O-O 12. Nh4 Bg6 13. Nxg6 hxg6 14. Qf3 Bd6 15. Rad1 b5 16. Bg5 a5 17. a4 b4 {1-0 (36) Dzhumaev,M (2439)-Nie,X (2324) Moscow 2018}) 10... Nbd7 11. Bf4 {[#] aiming for Ng6!} Nxe5 12. Bxe5 {The position is equal.} Qb6 13. Bd3 $146 ({Predecessor:} 13. Bb3 O-O 14. h3 Nd7 15. Bf4 Bf6 16. Qd2 Qxd4 17. Rad1 Qxd2 18. Rxd2 Nb6 19. Ne4 Bxe4 20. Rxe4 Bxb2 21. a4 Rfd8 {0-1 (21) Pauls,W (1984)-Kappelt,J (2171) Krefeld 2013}) 13... Bg6 14. a3 O-O 15. b4 Nd7 16. Na4 Qd8 17. Bg3 Nf6 18. Bf1 Bd6 19. Be5 Bxe5 20. Rxe5 Qd6 21. c3 Rfd8 22. Nc5 {[%cal Ba4c5,Bc5d3,Bd3f4][%mdl 32]} Qc7 23. Qf3 b6 24. Nd3 Rd5 25. Rae1 Rad8 26. Nf4 Rxe5 27. Rxe5 Nd5 {Strongly threatening ...Nxf4.} 28. g3 Qd6 29. Bc4 Nxf4 30. Qxf4 h6 31. h4 h5 32. Qf3 Rc8 33. Rg5 Kh7 34. Bd3 $36 {[%mdl 2048] White wants to mate with Qxf7. White has strong initiative.} f5 35. Qe2 ({White should play} 35. Qd1 $16) 35... Rf8 $14 36. Qe3 Rf6 ({Black should try} 36... Be8 $14) 37. Be2 $16 Be8 38. Bxh5 g6 (38... Bxh5 $16 {might work better.} 39. Rxh5+ Kg8) 39. Be2 $18 f4 40. Qe5 Qf8 $2 (40... Qxe5 41. Rxe5 fxg3 42. fxg3 Bd7) 41. g4 Kh6 42. Bd3 f3 43. Kh2 (43. h5 $142 Kh7 44. hxg6+ Bxg6 45. Rh5+ Kg8 46. Bxg6) 43... Qe7 44. Kg3 Rf8 {[#]} 45. Rh5+ $1 {[%mdl 512] Precision: White = 64%, Black = 27%.} 1-0

[Event "Asian Nation Cup Open 2018"]
[Site "Hamedan"]
[Date "2018.07.29"]
[Round "2"]
[White "Darini, Pouria"]
[Black "Gupta, Abhijeet"]
[Result "1/2-1/2"]
[WhiteElo "2463"]
[BlackElo "2614"]
[Annotator "TA"]
[PlyCount "141"]
[EventDate "2018.07.27"]
[EventType "swiss"]
[EventCountry "IRI"]
[SourceTitle "playchess.com"]
[Source "ChessBase"]
[SourceQuality "1"]
[WhiteTeam "Iran"]
[BlackTeam "India"]
[WhiteTeamCountry "IRI"]
[BlackTeamCountry "IND"]

{[%evp 12,141,46,42,41,27,26,23,23,20,12,13,45,31,35,34,47,31,21,0,0,0,28,25,34,27,27,26,27,27,27,24,23,33,38,0,0,-57,-64,-100,-111,-136,0,0,0,0,0,0,0,0,39,0,97,0,0,0,0,0,0,0,0,0,0,0,0,-58,-58,-67,0,0,49,0,111,72,107,107,108,99,94,82,71,93,79,6,12,0,0,0,0,0,0,0,0,0,0,0,0,0,0,0,119,0,0,0,0,0,352,312,295,4,4,4,4,5,0,8,6,9,16,9,50,38,234,0,0,0,207,0,0,0,180,0]} 1. d4 Nf6 2. Bf4 g6 3. Nc3 Bg7 4. e4 d6 5. Qd2 c6 6. Nf3 Bg4 {B08: Pirc Defence: Classical System} (6... b5 7. a3 Nbd7 8. Bh6 Bxh6 9. Qxh6 Qa5 10. b4 Qc7 11. Bd3 e5 12. h3 a5 13. O-O Bb7 14. Rfe1 Qb6 15. dxe5 dxe5 {0-1 (64) Jumabayev,R (2612)-Amin,B (2689) Riadh 2017}) 7. Be2 {LiveBook: 4 Games} Nbd7 8. h3 Bxf3 $1 {White has an edge.} 9. Bxf3 e5 10. dxe5 dxe5 11. Be3 O-O 12. O-O-O Qa5 13. Kb1 $146 ({Predecessor:} 13. g4 Rfd8 14. g5 {1-0 (47) Zuniga,I (2335)-Endsley,B (2180) ICCF email 2009}) 13... Rfd8 14. Ne2 Qc7 15. Qc1 a5 16. g4 {[%cal Bg2g4,Bg4g5][%mdl 32]} a4 17. h4 Nf8 18. g5 Ne8 19. h5 Ne6 20. Bg4 Qe7 21. hxg6 hxg6 22. Bxe6 Qxe6 23. Bb6 Rxd1 24. Rxd1 (24. Qxd1 $11 Nd6 25. Qd3) 24... Nd6 $15 {[%cal Be8d6,Bd6c4,Bc4b2][%mdl 32]} 25. Ng3 Nc4 26. Bd8 Qg4 (26... c5 $1 $17 27. c3 b5) 27. Rd3 $1 $11 a3 28. b3 Nb2 29. Rd2 Qf3 30. Be7 Qc3 31. Ne2 Qa5 (31... Qf3 $11) 32. c3 (32. Rd7 $16) 32... Qb6 33. Ng3 Nc4 {Hoping for ...Bf8.} 34. Rd3 Re8 35. Bf6 Nb2 36. Rd2 c5 37. Bxg7 Kxg7 38. Qh1 ({White should try} 38. c4 $1 $11) 38... Rh8 $15 39. Qf3 $1 Qe6 (39... c4 $1 $15) 40. c4 $1 $11 b6 41. Kc2 Rh4 (41... Rh3 $11) 42. Ne2 $1 $16 Rh5 43. Qf6+ Qxf6 44. gxf6+ Kxf6 {[%mdl 4096] Endgame KRN-KRN} 45. Nc3 $1 Rh8 46. Nb5 Ra8 47. Rd7 (47. Nxa3 $16 Rxa3 48. Kxb2) 47... Kg5 $1 $11 48. Rxf7 Rd8 49. Rf3 Kg4 $1 {[%cal Rg4f3]} 50. Rg3+ Kf4 51. Nc3 g5 $1 52. Rh3 g4 53. Rh5 {[%csl Ge4][%cal Rh5f5]} g3 54. Rf5+ Kg4 55. fxg3 Rh8 {[#]} (55... Kxg3 $11 56. Rf6 (56. Rxe5 Nd3 $11) 56... Nd3) 56. Rf2 ({White has to play} 56. Kd2 $1 $16) 56... Kxg3 57. Rd2 Kf3 58. Nb5 Ke3 $2 {[%mdl 8192]} (58... Ra8 $1 $11) 59. Nxa3 $18 Ra8 {[#]} 60. Rd5 $2 ({Only move:} 60. Nb1 $1 $18) 60... Nd1 $1 $11 61. Nb5 Nf2 62. Nc3 Kf4 63. Rd7 {Threatens to win with a4.} Nxe4 64. Nd5+ Kf3 65. Rf7+ Ke2 66. a4 {Black must now prevent Re7.} Ng5 $2 (66... Nf2 $14) 67. Nc3+ $2 (67. Nxb6 Nxf7 68. Nxa8 e4 $11) (67. Re7 $18 Nf3 68. Nxb6) 67... Ke3 68. Nd5+ $2 (68. Re7 $11) 68... Ke2 $18 69. Nc3+ $2 ({Weaker is} 69. Nxb6 Nxf7 70. Nxa8 e4 $11) (69. Re7 $18 Nf3 70. Nxb6) 69... Ke3 $11 70. Nd5+ $2 (70. Rf6 $11) 70... Ke2 $1 $18 71. Nc3+ $2 {Precision: White = 51%, Black = 67%.} ({Worse is} 71. Nxb6 Nxf7 72. Nxa8 e4 $11) ({Better is} 71. Re7 $18 Nf3 72. Nxb6) 1/2-1/2

[Event "Asian Nation Cup Open 2018"]
[Site "Hamedan"]
[Date "2018.07.29"]
[Round "2"]
[White "Nguyen, Anh Khoi"]
[Black "Bai, Jinshi"]
[Result "0-1"]
[WhiteElo "2454"]
[BlackElo "2588"]
[Annotator "TA"]
[PlyCount "84"]
[EventDate "2018.07.27"]
[EventType "swiss"]
[EventCountry "IRI"]
[SourceTitle "playchess.com"]
[Source "ChessBase"]
[SourceQuality "1"]
[WhiteTeam "Vietnam"]
[BlackTeam "China"]
[WhiteTeamCountry "VIE"]
[BlackTeamCountry "CHN"]

{[%evp 27,84,-37,-53,-46,-54,-35,-30,-59,-66,-119,-114,-117,-99,-103,-106,-103,-99,-127,-79,-153,-133,-195,-195,-240,-254,-360,-366,-433,-403,-426,-342,-427,-423,-410,-420,-550,-550,-507,-530,-543,-543,-528,-462,-718,-530,-512,-506,-446,-440,-29956,-12844,-5322,-5191,-5022,-5014,-29981,-1220,-6119,-29968]} 1. d4 Nf6 2. c4 c6 3. Nc3 d5 4. Nf3 dxc4 5. a4 e6 6. e4 Bb4 7. e5 Nd5 8. Bd2 b5 9. axb5 Bxc3 10. bxc3 cxb5 {D31: Queen's Gambit Declined: Semi-Slav without ...Nf6 (+ Marshall Gambit and Noteboom) and Exchange Variation lines without ...Nf6} 11. Ng5 Nd7 12. h4 Qe7 13. Qh5 Bb7 14. Rh3 h6 {LiveBook: 3 Games} 15. Ne4 $1 {[%cal Re4d6] [#] Nd6+ is the strong threat.} Nf4 $1 {[%cal Rf4h5][%mdl 512]} 16. Bxf4 Bxe4 {[#]} 17. Bc1 $146 ({Predecessor:} 17. Qg4 f5 18. Qh5+ {0-1 (30) Urkedal,F (2505)-Balogh,C (2645) Reykjavik 2015}) 17... a5 18. Rg3 (18. Bg5 $15 Qf8 19. Bc1) 18... g6 $1 $17 {[%cal Rg6h5]} 19. Qe2 Bc6 $36 {[%mdl 2048] Black has strong initiative.} 20. h5 g5 21. f4 gxf4 22. Bxf4 Nb6 {[%cal Bd7b6,Bb6d5,Bd5f6][%mdl 32]} 23. Rg4 (23. Qf2 $142) 23... Nd5 24. Bd2 (24. Qf3 $17) 24... a4 $19 25. Qd1 Kd7 26. Kf2 (26. Qe2 $142) 26... f5 27. exf6 Nxf6 (27... Qxf6+ $2 28. Kg1 $19) 28. Rg6 Rag8 ({Weaker is} 28... Ne4+ 29. Kg1 $19) 29. Kg1 Rxg6 30. hxg6 Rg8 31. Bxc4 bxc4 32. Rxa4 {Black must now prevent Ra7+.} Qd6 33. Ra7+ Kc8 34. g7 {[#]} Qg3 $1 {[%csl Gc6,LRg2,LRg7][%cal Rg3g2]} 35. Qe2 (35. Qf1 $142 Rxg7 36. Rxg7 Qxg7 37. Bc1) 35... Bd5 {Hoping for ...Ng4.} 36. Be1 Qg6 37. Qa2 {Threatening mate with Qa6+.} Rxg7 38. Qa6+ (38. Rxg7 $19 Qxg7 39. Bh4) 38... Rb7 {[%csl Gd5][%cal Rg6g2]} 39. Ra8+ Kd7 {[%csl Gd5][%cal Rg6g2]} 40. Qa4+ Bc6 {[%csl Gc6][%cal Rg6g2]} 41. Qa2 Rb1 (41... Qe4 $142 42. Qd2 Rb1 43. Ra7+ Ke8 44. d5 Ng4 45. Kf1 Qf5+ 46. Ke2 {[#]} Rb2 $1 {[%mdl 512]} 47. Re7+ Kd8 48. Rd7+ Kxd7 49. dxc6+ Kxc6 50. Kd1 Qb1+ 51. Ke2 Qd3+ 52. Kd1 Rb1#) 42. Ra7+ Ke8 {Precision: White = 29%, Black = 89%.} 0-1